| 000 | 01129nam0a22003011 4500 | ||
|---|---|---|---|
| 001 | rc\4356396 | ||
| 005 | 20130416140356.6 | ||
| 021 |
_aRU _b[64-58738] |
||
| 035 | _a(NLR Aleph) 008532220 | ||
| 090 |
_a8294898 _c8294898 |
||
| 100 | _a20130416d1964 |||y0rusy50 ba | ||
| 101 | 0 | _arus | |
| 102 | _aRU | ||
| 105 | _aabg j ||||| | ||
| 200 | 1 |
_aDeutsch für die 10. Klasse _eУчебник нем. яз. для X класса |
|
| 210 |
_aМосква _cПросвещение _d1964 |
||
| 215 |
_a207 с. _cил., нот., карт. _d22 |
||
| 300 | _aПеред загл. авт.: Н.И. Гез, К.К. Мартенс, Г.А. Штегеман | ||
| 300 | _aНа переплете авт. не указаны | ||
| 606 |
_aНемецкий язык _jУчебники и пособия _2psbo |
||
| 700 | 1 |
_aГез _bН. И. _gНадежда Ивановна |
|
| 701 | 1 |
_aМартенс _bК. К. _gКорнелий Корнельевич |
|
| 701 | 1 |
_aШтегеман _bГ. А. _gГерда Артуровна |
|
| 801 | 0 |
_aRU _bNLR _gpsbo |
|
| 801 | 1 |
_aRU _bELAR _2rusmarc |
|
| 852 |
_aNLR _j64-5/3869 |
||
| 942 | _cBOOK | ||
| 980 | _aNB | ||